| 000 | 01034cam a2200289 i 4500 | ||
|---|---|---|---|
| 999 |
_c63502 _d63502 |
||
| 001 | 63502 | ||
| 003 | Mx-PuUPA | ||
| 005 | 20220812145327.0 | ||
| 008 | 150911s2014 cau gr 001 0 eng d | ||
| 020 | _a9781452226101 | ||
| 040 |
_aMx-PuUPA _bspa _cMx-PuUPA _dMx-PuUPA _erda |
||
| 041 | 0 | _aeng | |
| 100 | 1 |
_aCreswell, John W., _d1945- _eautor _96493 |
|
| 245 | 1 | 0 |
_aResearch design : _bqualitative, quantitative, and mixed methods approaches / _cJohn W. Creswel |
| 250 | _aFourth edition | ||
| 264 | 1 |
_aThousand Oaks, California : _bSage Publications, _c©2014 |
|
| 300 |
_axxix; 273 páginas ; _c26 cm. |
||
| 336 |
_atexto _2rdacontent _btxt |
||
| 337 |
_asin medio _2rdamedia _bn |
||
| 338 |
_avolumen _2rdacarrrier _bnc |
||
| 650 | 4 |
_aInvestigación social empírica _xMétodo cualitativo |
|
| 650 | 4 |
_aInvestigación social empírica _xMétodo cuantitativo |
|
| 650 | 4 |
_aCiencias sociales _xMétodo de investigación |
|
| 942 |
_2ddc _cLI _h300.72 _iC912 |
||